[Event "Tunja Boyaca op-B"]
[Site "Tunja"]
[Date "2019.08.01"]
[Round "2"]
[White "Vargas, Diana Paola"]
[Black "Cupaban Bautista, Sergio Alejandro"]
[Result "0-1"]
[WhiteElo "1665"]
[BlackElo "1917"]
[PlyCount "88"]
[EventDate "2019.07.31"]
[EventType "swiss"]
[EventRounds "9"]
[EventCountry "COL"]
[SourceTitle "EXT 2020"]
[Source "ChessBase"]
[SourceDate "2019.10.17"]
[SourceVersion "1"]
[SourceVersionDate "2019.10.17"]
[SourceQuality "1"]

1. e4 a6 2. d4 b5 3. Nf3 Bb7 4. Bd3 e6 5. Bf4 Nf6 6. Nbd2 c5 7. c3 Nc6 8. Qe2 Be7 9. 0-0 0-0 10. dxc5 Bxc5 11. e5 Nh5 12. Bxh7+ Kh8 13. Bg5 Be7 14. Bxe7 Qxe7 15. Bc2 f5 16. exf6 Rxf6 17. Qe4 Rh6 18. Nh4 Qf6 19. Ng6+ Kg8 20. g4 Nd8 21. Qe5 Qxe5 22. Nxe5 Nf4 23. f3 d6 24. Nd3 Nh3+ 25. Kg2 e5 26. Ne4 Nf7 27. Nef2 Nhg5 28. Ne1 Rf6 29. Nh3 Rf8 30. Ng1 Nd8 31. Kg3 Nge6 32. Ng2 d5 33. Rae1 Nc6 34. Ne3 Nf4 35. h4 d4 36. cxd4 exd4 37. Bb3+ Kh8 38. Nf5 Nd3 39. Rd1 Nxb2 40. Rd2 Nc4 41. Bxc4 bxc4 42. Nxd4 Rd8 43. Rfd1 Rfd6 44. Nge2 c3 0-1

[Event "Santander Departamental-ch"]
[Site "Santander"]
[Date "2018.12.29"]
[Round "4"]
[White "Rojas Mayorga, Brayan Arley"]
[Black "Cupaban Bautista, Sergio Alejandro"]
[Result "0-1"]
[WhiteElo "1431"]
[BlackElo "1917"]
[PlyCount "43"]
[EventDate "2018.12.27"]
[EventType "swiss"]
[EventRounds "7"]
[EventCountry "COL"]
[SourceTitle "EXT 2020"]
[Source "ChessBase"]
[SourceDate "2019.10.17"]
[SourceVersion "1"]
[SourceVersionDate "2019.10.17"]
[SourceQuality "1"]

1. e4 a6 2. d4 b5 3. c4 Bb7 4. Nd2 b4 5. Ngf3 e6 6. Be2 c5 7. d5 d6 8. 0-0 Be7 9. a3 a5 10. axb4 axb4 11. Rxa8 Bxa8 12. Qa4+ Nd7 13. e5 exd5 14. cxd5 Bxd5 15. Bb5 Be6 16. exd6 Bxd6 17. Re1 Ngf6 18. Ne4 Nxe4 19. Rxe4 0-0 20. Bg5 Nf6 21. Qc2 Bf5 22. Nd2 0-1

[Event "COL-ch"]
[Site "Bogota"]
[Date "2018.11.09"]
[Round "6"]
[White "Cupaban Bautista, Sergio Alejandro"]
[Black "Gutierrez Herrera, Jose Antonio"]
[Result "0-1"]
[WhiteElo "1934"]
[BlackElo "2130"]
[PlyCount "66"]
[EventDate "2018.11.06"]
[EventType "swiss"]
[EventRounds "9"]
[EventCountry "COL"]
[SourceTitle "CBM 187 Extra"]
[Source "ChessBase"]
[SourceDate "2018.11.04"]
[SourceVersion "1"]
[SourceVersionDate "2018.11.04"]
[SourceQuality "1"]

1. e4 c5 2. Nf3 g6 3. d4 Bg7 4. c4 Nc6 5. d5 Nd4 6. Nc3 Nxf3+ 7. Qxf3 d6 8. Be2 Nf6 9. Qg3 Nd7 10. 0-0 0-0 11. f4 a6 12. Bd2 Rb8 13. a4 b6 14. h4 Kh8 15. h5 Rg8 16. Kh1 gxh5 17. Bxh5 Bd4 18. Qh2 Qf8 19. Be2 f5 20. e5 dxe5 21. fxe5 Bxe5 22. Bf4 Qg7 23. Bxe5 Nxe5 24. Bf3 Bd7 25. Qf4 Nxf3 26. Qxf3 Qh6+ 27. Kg1 Rg4 28. Rae1 Rbg8 29. Re2 Rh4 30. Rxe7 Rh1+ 31. Kf2 Qh4+ 32. g3 Rxf1+ 33. Kxf1 Qxe7 0-1

[Event "COL pre olympic sf3"]
[Site "Dosquebradas"]
[Date "2018.06.03"]
[Round "8"]
[White "Cupaban Bautista, Sergio Alejandro"]
[Black "Cardoso Cardoso, Jaidy Marcela"]
[Result "0-1"]
[WhiteElo "1971"]
[BlackElo "1871"]
[PlyCount "63"]
[EventDate "2018.05.30"]
[EventType "swiss"]
[EventRounds "10"]
[EventCountry "COL"]
[SourceTitle "CBM 184 Extra"]
[Source "ChessBase"]
[SourceDate "2018.06.28"]
[SourceVersion "1"]
[SourceVersionDate "2018.06.28"]
[SourceQuality "1"]

1. e4 c5 2. Nc3 Nc6 3. f4 d6 4. Nf3 g6 5. Bb5 Bd7 6. d3 Bg7 7. 0-0 e6 8. a4 Nge7 9. Be3 Nd4 10. Bc4 b6 11. Bxd4 Bxd4+ 12. Nxd4 cxd4 13. Nb5 Bxb5 14. Bxb5+ Kf8 15. f5 exf5 16. exf5 Nxf5 17. Rxf5 gxf5 18. Qh5 Qf6 19. Rf1 Qg6 20. Qf3 Rc8 21. Bc4 Rg8 22. b4 Re8 23. g3 Re3 24. Qa8+ Kg7 25. Qd5 Kh6 26. Rxf5 Rxg3+ 27. Kf2 Rg2+ 28. Ke1 Rxh2 29. Qe4 Qxf5 30. Qxf5 Rg1+ 31. Qf1 Rxf1+ 32. Kxf1 0-1

[Event "COL pre olympic sf3"]
[Site "Dosquebradas"]
[Date "2018.06.01"]
[Round "4"]
[White "Cupaban Bautista, Sergio Alejandro"]
[Black "Franco Valencia, Beatriz Irene"]
[Result "0-1"]
[WhiteElo "1971"]
[BlackElo "2205"]
[PlyCount "90"]
[EventDate "2018.05.30"]
[EventType "swiss"]
[EventRounds "10"]
[EventCountry "COL"]
[SourceTitle "CBM 184 Extra"]
[Source "ChessBase"]
[SourceDate "2018.06.28"]
[SourceVersion "1"]
[SourceVersionDate "2018.06.28"]
[SourceQuality "1"]

1. e4 g6 2. Nc3 Bg7 3. Bc4 d6 4. f4 c6 5. a4 a5 6. Nf3 Qb6 7. Ng5 Nh6 8. Qf3 e6 9. Bb3 Na6 10. d3 Nb4 11. Qe2 Bd7 12. Be3 c5 13. 0-0 0-0 14. h3 Nc6 15. Nb5 Nd4 16. Nxd4 cxd4 17. Bf2 Rac8 18. Rfc1 Rfe8 19. Qd2 Kh8 20. Be1 Rc5 21. g4 f5 22. Qg2 Rcc8 23. Bf2 Re7 24. Qg3 Nf7 25. gxf5 gxf5 26. Nxh7 Nh6 27. Ng5 Rf8 28. Qh4 Rf6 29. e5 dxe5 30. fxe5 Rg6 31. Bxd4 Rxg5+ 32. Kf1 Rh5 33. Qxh5 Qxd4 34. Qf3 Bc6 35. Qf2 Qxe5 36. c3 f4 37. Re1 Qf6 38. Ke2 f3+ 39. Kd2 Nf5 40. Kc2 Bh6 41. Rad1 Bf4 42. Qf1 Ne3+ 43. Rxe3 Bxe3 44. Re1 Qg5 45. Bc4 Qg2+ 0-1

[Event "Santander UDI Cup"]
[Site "Santander"]
[Date "2013.06.02"]
[Round "6"]
[White "Prieto Gomez, Camilo Orlando"]
[Black "Cupaban Bautista, Sergio Alejandro"]
[Result "0-1"]
[WhiteElo "1710"]
[BlackElo "1989"]
[PlyCount "31"]
[EventDate "2013.05.31"]
[EventType "swiss"]
[EventRounds "8"]
[EventCountry "COL"]
[SourceTitle "CBM 154 Extra"]
[Source "ChessBase"]
[SourceDate "2013.06.25"]
[SourceVersion "2"]
[SourceVersionDate "2013.06.25"]
[SourceQuality "1"]

1. Nf3 Nf6 2. d3 d6 3. Nbd2 g6 4. g3 Bg7 5. Bg2 0-0 6. e4 e5 7. c3 Nc6 8. Qc2 Ne8 9. h4 f5 10. Qb3+ Kh8 11. Ng5 Qd7 12. Ndf3 Nf6 13. Bd2 a5 14. exf5 gxf5 15. 0-0-0 a4 16. Qc2 0-1

[Event "Santander UDI University op U27"]
[Site "Santander"]
[Date "2012.04.01"]
[Round "6"]
[White "Fino, Miguel Andres"]
[Black "Cupaban Bautista, Sergio Alejandro"]
[Result "0-1"]
[WhiteElo "1813"]
[BlackElo "2005"]
[PlyCount "110"]
[EventDate "2012.03.29"]
[EventType "swiss"]
[EventRounds "9"]
[EventCountry "COL"]
[SourceTitle "CBM 147 Extra"]
[Source "ChessBase"]
[SourceDate "2012.04.24"]
[SourceVersion "1"]
[SourceVersionDate "2012.04.24"]
[SourceQuality "1"]

1. e4 e6 2. d4 d5 3. Nc3 Bb4 4. e5 c5 5. a3 Bxc3+ 6. bxc3 Qa5 7. Qd2 Ne7 8. Bd3 c4 9. Be2 Nd7 10. Nf3 Nb6 11. 0-0 Na4 12. Qg5 Nxc3 13. Bxc4 dxc4 14. Bd2 Kf8 15. a4 Bd7 16. Ra3 Ne2+ 17. Kh1 Qd5 18. Bb4 Re8 19. Qe3 Nxd4 20. Nxd4 Kg8 21. Bxe7 Rxe7 22. f4 h5 23. h4 Rh6 24. Nf3 Bc6 25. Raa1 a6 26. Rad1 Qa5 27. Nd4 Rg6 28. Nxc6 bxc6 29. f5 exf5 30. Rxf5 Rge6 31. Rxh5 Rxe5 32. Rxe5 Rxe5 33. Qf4 Re1+ 34. Rxe1 Qxe1+ 35. Kh2 c3 36. Qd4 Qd2 37. Qe4 Qd6+ 38. Kh1 g6 39. Kg1 c5 40. Kf2 Kg7 41. Qe3 Qd4 42. Qxd4+ cxd4 43. Ke2 Kf6 44. Kd3 Ke5 45. g4 f5 46. gxf5 Kxf5 47. Kxd4 Kg4 48. Kxc3 Kxh4 49. Kb4 g5 50. c4 g4 51. c5 g3 52. c6 g2 53. c7 g1Q 54. c8Q Qb1+ 55. Kc5 Qc2+ 0-1

[Event "Santander UDI University op U27"]
[Site "Santander"]
[Date "2012.03.29"]
[Round "1"]
[White "Valencia Lopez, Daily Vanessa"]
[Black "Cupaban Bautista, Sergio Alejandro"]
[Result "0-1"]
[WhiteElo "1373"]
[BlackElo "2005"]
[PlyCount "47"]
[EventDate "2012.03.29"]
[EventType "swiss"]
[EventRounds "9"]
[EventCountry "COL"]
[SourceTitle "CBM 147 Extra"]
[Source "ChessBase"]
[SourceDate "2012.04.24"]
[SourceVersion "1"]
[SourceVersionDate "2012.04.24"]
[SourceQuality "1"]

1. e4 e5 2. Nf3 Nc6 3. Nc3 Be7 4. Bb5 d6 5. d4 exd4 6. Nxd4 Bd7 7. f3 Nf6 8. Be3 Nxd4 9. Bxd7+ Nxd7 10. Bxd4 0-0 11. Qd2 a6 12. 0-0-0 b5 13. g4 Re8 14. Be3 Ne5 15. Qg2 Nc4 16. Bf2 c5 17. h4 Qa5 18. Kb1 Nxb2 19. Kxb2 Bf6 20. Rxd6 Bxc3+ 21. Kc1 Qxa2 22. Kd1 Qb1+ 23. Ke2 Qxc2+ 24. Kf1 0-1

[Event "Santander op"]
[Site "Santander"]
[Date "2011.12.18"]
[Round "3"]
[White "Velasquez Torres, Monica"]
[Black "Cupaban Bautista, Sergio Alejandro"]
[Result "0-1"]
[WhiteElo "1600"]
[BlackElo "2005"]
[PlyCount "26"]
[EventDate "2011.12.17"]
[EventType "swiss"]
[EventRounds "9"]
[EventCountry "COL"]
[SourceTitle "CBM 146 Extra"]
[Source "ChessBase"]
[SourceDate "2012.02.29"]
[SourceVersion "1"]
[SourceVersionDate "2012.02.29"]
[SourceQuality "1"]

1. e4 e5 2. Nc3 Bc5 3. Nf3 Qf6 4. a3 g5 5. b4 Bb6 6. Be2 g4 7. Nd4 Bxd4 8. 0-0 h5 9. g3 h4 10. Kg2 Qh6 11. d3 Qh7 12. f4 hxg3 13. hxg3 Qh2# 0-1

[Event "COL-ch U26 18th"]
[Site "Risarald"]
[Date "2009.10.24"]
[Round "3"]
[White "Castaneda Jimenez, Jhon David"]
[Black "Cupaban Bautista, Sergio Alejandro"]
[Result "0-1"]
[WhiteElo "2132"]
[BlackElo "1999"]
[PlyCount "61"]
[EventDate "2009.10.23"]
[EventType "swiss"]
[EventRounds "7"]
[EventCountry "COL"]
[SourceTitle "EXT 2010"]
[Source "ChessBase"]
[SourceDate "2010.11.25"]
[SourceVersion "1"]
[SourceVersionDate "2010.11.25"]
[SourceQuality "1"]

1. d4 Nf6 2. Nf3 d5 3. c4 e6 4. g3 Be7 5. Bg2 0-0 6. 0-0 c5 7. cxd5 Nxd5 8. e4 Nf6 9. e5 Nd5 10. Nbd2 Nc6 11. dxc5 Bxc5 12. Ne4 Be7 13. Bg5 h6 14. Bxe7 Ncxe7 15. Nd6 Qb6 16. Qe2 Bd7 17. Rfc1 Bc6 18. a4 a5 19. Rc4 Nb4 20. Rg4 Bd5 21. Nd4 f5 22. exf6 Rxf6 23. Bxd5 Nbxd5 24. Nc4 Qa6 25. Nb5 Raf8 26. Rf1 Ng6 27. Qd2 h5 28. Rg5 h4 29. Ncd6 Nde7 30. Ne4 Rf3 31. Nd4 0-1

[Event "Bogota Mila Memorial op"]
[Site "Bogota"]
[Date "2009.04.??"]
[Round "6"]
[White "Guerrero, Javier Eduardo"]
[Black "Cupaban Bautista, Sergio Alejandro"]
[Result "1-0"]
[WhiteElo "2094"]
[BlackElo "1999"]
[PlyCount "45"]
[EventDate "2009.04.??"]
[EventType "swiss"]
[EventRounds "9"]
[EventCountry "COL"]
[SourceTitle "EXT 2014"]
[Source "ChessBase"]
[SourceDate "2013.11.20"]
[SourceVersion "1"]
[SourceVersionDate "2013.11.20"]
[SourceQuality "1"]

1. f4 c5 2. Nf3 Nc6 3. e3 d6 4. b3 Nf6 5. Bb2 Bg4 6. Be2 e6 7. 0-0 Be7 8. d3 0-0 9. Nbd2 Bxf3 10. Rxf3 e5 11. f5 Nh5 12. e4 Bg5 13. c3 Nf4 14. Bf1 g6 15. g3 Nh5 16. Bh3 f6 17. Qe2 Ne7 18. Raf1 b5 19. Bg4 Ng7 20. h4 Bxd2 21. Qxd2 a5 22. fxg6 hxg6 23. Rxf6 1-0